S.C.U.B.A. Quiz Stats

 Plays Quiz not verified by Sporcle

Also try: 'C' Food Pictures
Challenge
Share
Tweet
Embed
Score 0/5 Timer 05:00
0 Plays Today
% Correct
Underwater
99.2%
Breathing
98.7%
Apparatus
94.4%
Self
90.9%
Contained
90.4%

You're not logged in!

Compare scores with friends on all Sporcle quizzes.
OR
Log In

You Might Also Like...

Show Comments

Extras

Created Oct 21, 2009ReportNominate
Tags:scuba, stand

Top Quizzes Today


Score Distribution

Your Account Isn't Verified!

In order to create a playlist on Sporcle, you need to verify the email address you used during registration. Go to your Sporcle Settings to finish the process.

Report this User

Report this user for behavior that violates our Community Guidelines.

Details: